00918cam a2200253 a 450000100100000000500170001000800410002702000150006803500190008304000250010208200170012710000300014424500500017426000380022430000190026249000120028149000760029350000380036950500830040765000300049065000350052070000300055583000790058500000966820200929161649.0990219s1987 sp j 001 f spa  a8476440170 a(DLC) 99174985 aDO-SdBNPcDLCdBNPHU a862.64bE56t1 aEnciso, Pilar.d1920-200910aTeatro infantil /cPilar Enciso y Lauro Olmo. aMadrid :bAntonio Machado,c1987. av. 1 ;c17 cm.1 aTeatral1 aBiblioteca Antonio Machado de teatrov11aTeatro de autores españoles aLa biblioteca posee el volumen 1.1 a1. El león enganado ; El león enamorado ; La maquinita que no queria pitar 4aTeatro infantil español 4aLiteratura infantil española1 aOlmo, Lauro,d1922- 1994. 0aBiblioteca Antonio Machado de teatro ;v11,pTeatro de autores españoles